Implementing Cisco IP Routing (Route) / Foundation Learning Guide: Foundation learning for the ROUTE 642-902 Exam (Record no. 6450)
[ view plain ]
| 000 -LEADER | |
|---|---|
| fixed length control field | 01070cam a22002054a 4500 |
| 005 - ΗΜΕΡΟΜΗΝΙΑ ΚΑΙ ΩΡΑ ΤΕΛΕΥΤΑΙΑΣ ΕΝΗΜΕΡΩΣΗΣ | |
| Πεδίο ελέγχου | 20250605164243.0 |
| 008 - FIXED-LENGTH DATA ELEMENTS--GENERAL INFORMATION | |
| Πεδίο ελέγχου σταθερού μήκους | 250528s ||||||||||||||||||||||||d |
| 035 ## - SYSTEM CONTROL NUMBER | |
| System control number | 21387 |
| 020 ## - ISBN | |
| ISBN | 9788131756317 |
| 040 ## - ΠΗΓΗ ΚΑΤΑΛΟΓΟΓΡΑΦΗΣΗΣ | |
| Φορέας πρωτότυπης καταλογογράφησης | MC Athens Campus Library |
| Γλώσσα καταλογογράφησης | Ελληνικά, Μοντέρνα (1453-) |
| Modifying agency | MC Athens Campus Library |
| Κανόνες περιγραφικής καταλογογράφησης | AACR2 |
| 245 1# - ΤΙΤΛΟΣ ΚΑΙ ΔΗΛΩΣΗ ΥΠΕΥΘΥΝΟΤΗΤΑΣ | |
| Τίτλος | Implementing Cisco IP Routing (Route) / Foundation Learning Guide: Foundation learning for the ROUTE 642-902 Exam |
| 250 ## - EDITION STATEMENT | |
| Edition statement | 1st |
| 260 ## - PUBLICATION, DISTRIBUTION, ETC. | |
| Name of publisher, distributor, etc. | Dorling Kindersley, |
| Date of publication, distribution, etc. | 2011 |
| 300 ## - PHYSICAL DESCRIPTION | |
| Extent | 946 |
| 520 ## - SUMMARY, ETC. | |
| Summary, etc. | This book teaches you how to plan, configurate, maintain, and scale a routed network. Introduction, Routing Services, Configuring the Enhanced Interior Gateway Routing Protocol, Configuring the Open Shortest Path First Protocol, Manipulating Routine Updates, Implementing Path Control, Implementing a Border Gateway Protocol Solution for ISP Connectivity, Implementing Routing Facilities for Branch Offices and Mobile Workers, Implementing IPv6 in an Enterprise Network, Answers to Review Questions, Index. |
| 700 1# - ΠΡΟΣΘΕΤΗ ΑΝΑΓΡΑΦΗ--ΦΥΣΙΚΟ ΠΡΟΣΩΠΟ | |
| Personal name | Teare Diane |
| 9 (RLIN) | 7433 |
| 942 ## - ADDED ENTRY ELEMENTS (KOHA) | |
| Koha item type | Books |
| Τύπος τεκμηρίου | Βιβλιοθήκη | Τρέχουσα τοποθεσία | Barcode | Αριθμός εισαγωγής | Ημερομηνία απόκτησης | Ταξιθετικό σύμβολο | Αριθμός αντιτύπου | Κατάσταση απόσυρσης | Κατάσταση χαμένου | Κατάσταση κατεστραμμένου | Μη δανεισμός | Σύνολο δανεισμών | Ημερομηνία τελευταίας εμφάνισης | Η τιμή ισχύει από |
|---|---|---|---|---|---|---|---|---|---|---|---|---|---|---|
| Books | MC Athens Campus Library | MC Athens Campus Library | 9780000064493 | 5764 | 05/06/2025 | 004.6 TEA | 1 | 05/06/2025 | 05/06/2025 |